Normal view MARC view
  • Management-Project Report

Entry Topical Term

Number of records used in: 1

001 - CONTROL NUMBER

  • control field: 31410

003 - CONTROL NUMBER IDENTIFIER

  • control field: NUST

005 - DATE AND TIME OF LATEST TRANSACTION

  • control field: 20201013100213.0

008 - FIXED-LENGTH DATA ELEMENTS

  • fixed length control field: 201013|| aca||aabn | a|a d

040 ## - CATALOGING SOURCE

  • Original cataloging agency: NUST
  • Transcribing agency: NUST

150 ## - HEADING--TOPICAL TERM

  • Topical term or geographic name entry element: Management-Project Report

670 ## - SOURCE DATA FOUND

  • Source citation: Work cat.: (NUST): Ahmed Ali Zafar 31409, LEADERSHIP /
© 2023 Central Library, National University of Sciences and Technology. All Rights Reserved.